[Event "BL 9293 Bayern-Kirchheim"]
[Site "?"]
[Date "1993.??.??"]
[Round "?.6"]
[White "Schlosser, P."]
[Black "Messmer, M."]
[Result "1/2-1/2"]
[WhiteElo "2520"]
[BlackElo "2340"]
[PlyCount "92"]
[EventDate "1993.??.??"]

1. d4 Nf6 2. Nf3 d6 3. g3 Bg4 4. Bg2 c6 5. c4 Nbd7 6. Nc3 e6 7. d5 cxd5 8. cxd5
e5 9. O-O Be7 10. h3 Bh5 11. Nh4 O-O 12. Nf5 Bg6 13. e4 Nc5 14. Nxe7+ Qxe7 15.
f3 Nfd7 16. g4 Rfc8 17. Be3 f6 18. Qd2 a5 19. Rfc1 Be8 20. Bf1 Nf8 21. Nb5 b6
22. Na3 Rcb8 23. Nc4 g5 24. Rab1 Ng6 25. b4 axb4 26. Rxb4 Nh4 27. Be2 b5 28.
Nxd6 Na6 29. Nxe8 Nxb4 30. Bc5 Qxe8 31. Bxb4 Rc8 32. Rf1 Qd7 33. a3 Ng6 34. Rb1
Rab8 35. Bf1 Qa7+ 36. Kh2 Nh4 37. Rb3 Qa4 38. Qd1 Rc1 39. Qxc1 Qxb3 40. d6 Qxf3
41. d7 Qf2+ 42. Kh1 Qf3+ 43. Kh2 Qf2+ 44. Kh1 Rd8 45. Ba5 Qf3+ 46. Kh2 Qf2+
1/2-1/2

[Event "BL 9293 Bayern-Kirchheim"]
[Site "?"]
[Date "1993.??.??"]
[Round "?.7"]
[White "Schindler, W."]
[Black "Stangl, M."]
[Result "0-1"]
[WhiteElo "2300"]
[BlackElo "2505"]
[PlyCount "66"]
[EventDate "1993.??.??"]

1. Nf3 d5 2. c4 d4 3. g3 Nc6 4. Bg2 e5 5. O-O g6 6. b4 Bg7 7. b5 Nce7 8. d3 f5
9. Nbd2 Nh6 10. a4 Nf7 11. Rb1 O-O 12. Ne1 Rb8 13. Ba3 Re8 14. a5 h5 15. Bc5 b6
16. axb6 axb6 17. Bb4 Bb7 18. h4 Bxg2 19. Nxg2 Qd7 20. Kh2 c5 21. bxc6 Nxc6 22.
f3 g5 23. Ba3 gxh4 24. gxh4 Bh6 25. Rb5 Kh7 26. Rg1 Rg8 27. Nf1 Rg6 28. Ng3
Rbg8 29. Nxh5 f4 30. Rxb6 Qf5 31. Ne3 fxe3 32. Rxc6 Bf4+ 33. Nxf4 Qxf4+ 0-1

[Event "BL 9293 Bayern-Kirchheim"]
[Site "?"]
[Date "1993.??.??"]
[Round "?.8"]
[White "Bezold, M."]
[Black "Mudelsee, M."]
[Result "1-0"]
[WhiteElo "2395"]
[BlackElo "2255"]
[PlyCount "109"]
[EventDate "1993.??.??"]

1. e4 c5 2. Nf3 d6 3. Bb5+ Nd7 4. O-O Ngf6 5. Re1 a6 6. Bf1 Ne5 7. h3 Qc7 8. c3
Nxf3+ 9. Qxf3 e5 10. d4 Be7 11. dxe5 dxe5 12. a4 b6 13. Na3 Bb7 14. Bg5 O-O 15.
Bxf6 Bxf6 16. Nc4 Rad8 17. Ne3 Rd2 18. b3 Bg5 19. Bc4 Bxe3 20. Qxe3 Rd6 21.
Rad1 Rfd8 22. Rxd6 Rxd6 23. f4 exf4 24. Qxf4 Rd7 25. Qxc7 Rxc7 26. Rd1 Kf8 27.
Rd6 b5 28. axb5 axb5 29. Bxb5 Ke7 30. e5 f6 31. Bc4 Bc8 32. Rd5 Be6 33. exf6+
gxf6 34. Rh5 Bxc4 35. bxc4 Ke6 36. g4 Rd7 37. Rxc5 Rd3 38. Rh5 Rxc3 39. c5 Rc2
40. Kf1 Rc3 41. Ke2 f5 42. g5 Rxc5 43. Rxh7 Rc3 44. h4 Rg3 45. Rh6+ Ke5 46. g6
Kf4 47. h5 Rg2+ 48. Kf1 Kf3 49. Rh7 Rh2 50. Ke1 f4 51. Kd1 Rg2 52. Re7 Rg1+ 53.
Kd2 Rg2+ 54. Kd3 Rg5 55. g7 1-0

[Event "BL 9293 München 36-Sindelfingen"]
[Site "?"]
[Date "1993.??.??"]
[Round "?.1"]
[White "Luther, T."]
[Black "Hertneck, G."]
[Result "1/2-1/2"]
[WhiteElo "2465"]
[BlackElo "2575"]
[PlyCount "82"]
[EventDate "1993.??.??"]

1. e4 e6 2. d4 d5 3. Nc3 Bb4 4. e5 Ne7 5. a3 Bxc3+ 6. bxc3 c5 7. Qg4 O-O 8. Bd3
Nbc6 9. Bg5 Qa5 10. Ne2 cxd4 11. f4 Nf5 12. O-O Kh8 13. Qh5 f6 14. Bxf5 exf5
15. exf6 gxf6 16. Qh6 Qd8 17. Bh4 dxc3 18. Ng3 Rf7 19. Nh5 Qf8 20. Bxf6+ Rxf6
21. Qxf6+ Qxf6 22. Nxf6 Be6 23. Rfe1 Bf7 24. Nd7 d4 25. Ne5 Bd5 26. Rad1 Rd8
27. Nxc6 Bxc6 28. Re3 Rd5 29. Red3 Ra5 30. Rxd4 Rxa3 31. Rc4 Kg7 32. Rd3 a5 33.
Rcxc3 Ra1+ 34. Kf2 a4 35. Rc5 Kf6 36. Rd6+ Ke7 37. Rdxc6 bxc6 38. Rxc6 Rc1 39.
Rc7+ Kd6 40. Rxh7 Rxc2+ 41. Ke3 Rxg2 1/2-1/2

[Event "BL 9293 München 36-Sindelfingen"]
[Site "?"]
[Date "1993.??.??"]
[Round "?.3"]
[White "Fahnenschmidt, G."]
[Black "Stohl, I."]
[Result "1-0"]
[WhiteElo "2365"]
[BlackElo "2540"]
[PlyCount "39"]
[EventDate "1993.??.??"]

1. Nf3 d6 2. d4 Nf6 3. c4 g6 4. Nc3 Bf5 5. g3 Ne4 6. Nxe4 Bxe4 7. Bh3 d5 8. O-O
dxc4 9. Qa4+ c6 10. Qxc4 Bxf3 11. exf3 Bg7 12. Bg5 Qxd4 13. Qe2 Qe5 14. Qd2 Qc7
15. Rfe1 e5 16. Rad1 f6 17. Rxe5+ fxe5 18. Bd8 Qf7 19. Qd6 b6 20. Bg5 1-0

[Event "BL 9293 München 36-Sindelfingen"]
[Site "?"]
[Date "1993.??.??"]
[Round "?.4"]
[White "Lau, R."]
[Black "Mohr, S."]
[Result "1-0"]
[WhiteElo "2530"]
[BlackElo "2440"]
[PlyCount "87"]
[EventDate "1993.??.??"]

1. e4 d6 2. d4 g6 3. Nc3 Bg7 4. f4 Nc6 5. Be3 Nf6 6. Nf3 O-O 7. Qd2 Ng4 8. Bg1
e5 9. d5 Nb8 10. h3 Nf6 11. fxe5 dxe5 12. O-O-O Nbd7 13. Kb1 Ne8 14. g4 Nd6 15.
Bd3 a6 16. Be3 b5 17. Bh6 Bxh6 18. Qxh6 f6 19. Qe3 Qe7 20. Rhg1 Bb7 21. h4 Rae8
22. h5 g5 23. Nd2 Nb6 24. a3 Bc8 25. Rg3 Bd7 26. Be2 Rb8 27. Nb3 Nb7 28. Qf2 h6
29. Na2 a5 30. Rc3 Rfc8 31. Qf1 Kg7 32. Bxb5 Bxg4 33. Re1 Bxh5 34. Bc6 Be8 35.
Bxb7 Rxb7 36. Nxa5 Rbb8 37. Nc6 Bxc6 38. Rxc6 Rf8 39. Nb4 Nc8 40. Qc4 Rb7 41.
Re6 Qd8 42. Nc6 Qd7 43. Qc3 Rf7 44. Qh3 1-0

[Event "BL 9293 München 36-Sindelfingen"]
[Site "?"]
[Date "1993.??.??"]
[Round "?.5"]
[White "Kraut, R."]
[Black "Gruenberg, HU."]
[Result "1-0"]
[WhiteElo "2425"]
[BlackElo "2495"]
[PlyCount "68"]
[EventDate "1993.??.??"]

1. e4 c5 2. Nf3 e6 3. Nc3 a6 4. d4 cxd4 5. Nxd4 d6 6. g3 Nc6 7. Bg2 Bd7 8. O-O
Be7 9. Nxc6 Bxc6 10. a4 Nf6 11. a5 O-O 12. Be3 Qc7 13. Qe2 Rae8 14. Rfd1 Nd7
15. b4 Qb8 16. Nd5 exd5 17. exd5 Bb5 18. c4 Bf6 19. Ra3 Bxc4 20. Qxc4 Rc8 21.
Qe2 Rfe8 22. Bh3 Rc7 23. Qf1 h6 24. Rb3 Bg5 25. f4 Bf6 26. Qf2 Re7 27. Ba7 Qe8
28. Re3 Kf8 29. Rde1 Rxe3 30. Qxe3 Qxe3+ 31. Rxe3 Bb2 32. Rb3 Rc1+ 33. Bf1 Rc2
34. b5 axb5 {Zeit} 1-0

[Event "BL 9293 München 36-Sindelfingen"]
[Site "?"]
[Date "1993.??.??"]
[Round "?.6"]
[White "Enders, P."]
[Black "Werner, Marc"]
[Result "1/2-1/2"]
[WhiteElo "2490"]
[BlackElo "2350"]
[PlyCount "164"]
[EventDate "1993.??.??"]

1. e4 e5 2. Nf3 Nf6 3. d4 Nxe4 4. Bd3 d5 5. Nxe5 Bd6 6. O-O O-O 7. c4 Bxe5 8.
dxe5 Nc6 9. cxd5 Qxd5 10. Qc2 Nb4 11. Bxe4 Nxc2 12. Bxd5 Bf5 13. g4 Bxg4 14.
Nc3 Nxa1 15. Be4 f5 16. exf6 Bh3 17. Re1 Rae8 18. Be3 Rxe4 19. Nxe4 Nc2 20. Rc1
Nxe3 21. fxe3 c6 22. f7+ Kh8 23. a4 Be6 24. Nd6 Bxf7 25. a5 Be6 26. h4 g5 27.
h5 Rf3 28. Nxb7 Rxe3 29. Rxc6 Re1+ 30. Kf2 Rb1 31. a6 Rxb2+ 32. Ke3 Bd5 33. Rc7
Rb6 34. Rd7 Be6 35. Rd8+ Kg7 36. Nc5 Bc4 37. Rd7+ Kh6 38. Rxa7 Bxa6 39. Nxa6
Kxh5 40. Rxh7+ Kg4 41. Nc5 Kf5 42. Rh8 Rb5 43. Rf8+ Kg4 44. Nd3 Ra5 45. Rf1 Ra3
46. Rb1 Kf5 47. Rb4 Ra8 48. Kf3 Ra5 49. Rb8 Kf6 50. Kg4 Ra4+ 51. Nb4 Ra1 52.
Rb6+ Ke5 53. Nd3+ Ke4 54. Nf2+ Ke3 55. Nh3 Ra4+ 56. Kxg5 Ra5+ 57. Kf6 Ra1 58.
Rb5 Kd4 59. Nf4 Rf1 60. Kf5 Ra1 61. Ne6+ Kc4 62. Rc5+ Kd3 63. Ke5 Re1+ 64. Kd5
Rh1 65. Nf4+ Ke3 66. Ke5 Kf3 67. Kf5 Ke3 68. Rd5 Rh8 69. Rd3+ Kf2 70. Ng6 Rh5+
71. Kf4 Rh6 72. Rd6 Rh7 73. Rd2+ Ke1 74. Rb2 Kd1 75. Ne5 Rh4+ 76. Ke3 Rh3+ 77.
Nf3 Kc1 78. Rf2 Rh8 79. Kd3 Ra8 80. Rc2+ Kd1 81. Rc3 Rd8+ 82. Nd4 Rh8 1/2-1/2

[Event "BL 9293 München 36-Sindelfingen"]
[Site "?"]
[Date "1993.??.??"]
[Round "?.7"]
[White "Gerstner, W."]
[Black "Volke, K."]
[Result "1/2-1/2"]
[WhiteElo "2365"]
[BlackElo "2460"]
[PlyCount "36"]
[EventDate "1993.??.??"]

1. e4 c5 2. Nf3 e6 3. d4 cxd4 4. Nxd4 Nf6 5. Nc3 d6 6. g4 a6 7. g5 Nfd7 8. Be3
b5 9. a3 Bb7 10. Qg4 Nc6 11. O-O-O Rc8 12. Rg1 Nce5 13. Qh3 Rxc3 14. bxc3 Qa5
15. Kb1 Nc5 16. Bc1 Nxe4 17. Re1 Qxc3 18. Qxc3 Nxc3+ 1/2-1/2

[Event "BL 9293 München 36-Sindelfingen"]
[Site "?"]
[Date "1993.??.??"]
[Round "?.8"]
[White "Ruf, M."]
[Black "Bialas, W."]
[Result "1-0"]
[WhiteElo "2425"]
[BlackElo "2320"]
[PlyCount "89"]
[EventDate "1993.??.??"]

1. g3 e5 2. c4 Nf6 3. Bg2 c6 4. d4 d6 5. Nc3 Nbd7 6. Nf3 Be7 7. e4 O-O 8. O-O
Qc7 9. h3 a6 10. a4 a5 11. Be3 Re8 12. Rc1 exd4 13. Nxd4 Nc5 14. Re1 Bf8 15.
Qc2 Na6 16. Rcd1 Nb4 17. Qb1 Nd7 18. Re2 Ne5 19. b3 Bd7 20. f4 Ng6 21. Bf2 Rad8
22. Red2 Bc8 23. Nf3 Be7 24. Bd4 h5 25. h4 Bg4 26. Rf1 Nf8 27. Nh2 Ne6 28. Bf2
Bf6 29. Rc1 Na6 30. Nxg4 hxg4 31. Nd1 Nec5 32. Ne3 g6 33. Nxg4 Bg7 34. f5 Nd7
35. Rcd1 Ne5 36. Nxe5 Bxe5 37. Qd3 Nc5 38. Qf3 Qe7 39. Re2 gxf5 40. exf5 f6 41.
Kh1 Rd7 42. Bh3 Qd8 43. Bg4 Qb6 44. Bh5 Ree7 45. Re3 1-0

[Event "BL 9293 Kirchheim-München 36"]
[Site "?"]
[Date "1993.??.??"]
[Round "?.1"]
[White "Hertneck, G."]
[Black "Haba, P."]
[Result "1-0"]
[WhiteElo "2575"]
[BlackElo "2485"]
[PlyCount "107"]
[EventDate "1993.??.??"]

1. d4 d5 2. c4 c6 3. Nf3 Nf6 4. Nc3 dxc4 5. a4 Bf5 6. Ne5 e6 7. f3 Bb4 8. e4
Bxe4 9. fxe4 Nxe4 10. Bd2 Qxd4 11. Nxe4 Qxe4+ 12. Qe2 Bxd2+ 13. Kxd2 Qd5+ 14.
Kc3 O-O 15. Qe3 b5 16. Be2 f6 17. Nf3 Nd7 18. Rhd1 Nb6 19. axb5 cxb5 20. Qxb6
axb6 21. Rxd5 exd5 22. Rxa8 Rxa8 23. Nd4 Re8 24. Bf3 Re3+ 25. Kc2 Rd3 26. Nxb5
Kf8 27. Nc7 f5 28. Nxd5 b5 29. Nc7 b4 30. Be2 b3+ 31. Kc1 Rd6 32. Nb5 Rg6 33.
Bf3 Rh6 34. h3 Rb6 35. Nd4 g6 36. Kd2 Ra6 37. Kc3 Ra2 38. Bd5 Ra1 39. Kxc4 Ke7
40. Nxb3 Rb1 41. Kc3 g5 42. Nd2 Rd1 43. b4 g4 44. hxg4 fxg4 45. b5 h5 46. b6
Kd8 47. g3 Ra1 48. Nb3 Ra6 49. b7 Kc7 50. Nc5 Rd6 51. Kc4 Kb8 52. Ne6 Ra6 53.
Kc5 Ra3 54. Kd6 1-0

[Event "BL 9293 Kirchheim-München 36"]
[Site "?"]
[Date "1993.??.??"]
[Round "?.2"]
[White "Gschnitzer, O."]
[Black "Smejkal, J."]
[Result "1/2-1/2"]
[WhiteElo "2475"]
[BlackElo "2500"]
[PlyCount "30"]
[EventDate "1993.??.??"]

1. c4 e5 2. g3 d6 3. Bg2 g6 4. e4 Nc6 5. Nc3 Bg7 6. d3 h5 7. h4 Nd4 8. Nce2 c5
9. Nxd4 cxd4 10. Nh3 Nh6 11. O-O O-O 12. Bd2 Bd7 13. f4 Ng4 14. f5 Rb8 15. b3
b5 1/2-1/2

[Event "BL 9293 Kirchheim-München 36"]
[Site "?"]
[Date "1993.??.??"]
[Round "?.3"]
[White "Stohl, I."]
[Black "Vokac, M."]
[Result "1-0"]
[WhiteElo "2540"]
[BlackElo "2435"]
[PlyCount "97"]
[EventDate "1993.??.??"]

1. d4 g6 2. Nf3 Bg7 3. c4 c5 4. d5 f5 5. g3 d6 6. Bg2 Nf6 7. Nc3 O-O 8. O-O Na6
9. Re1 Rb8 10. Rb1 Bd7 11. a4 Nb4 12. Bd2 Kh8 13. Qc1 e5 14. dxe6 Bxe6 15. b3
d5 16. Bf4 d4 17. Ng5 Bg8 18. Bxb8 Qxb8 19. Nd5 Nfxd5 20. cxd5 Rc8 21. Ne6 Qd6
22. Qc4 b6 23. Rbd1 Re8 24. Nxg7 Kxg7 25. e3 Nxd5 26. exd4 Nf6 27. Qa6 Rxe1+
28. Rxe1 cxd4 29. Qxa7+ Kh6 30. a5 bxa5 31. Qxa5 Bxb3 32. Rb1 Bf7 33. Qd2+ Kg7
34. Rd1 Bb3 35. Qxd4 Qxd4 36. Rxd4 Bc2 37. Bf1 Ng4 38. Rd7+ Kh6 39. Be2 Nf6 40.
Rc7 Be4 41. f3 Bd5 42. Kf2 g5 43. Bc4 Bxc4 44. Rxc4 Kg6 45. Rc6 h5 46. Ke3 Kg7
47. Kd4 f4 48. gxf4 g4 49. Rxf6 1-0

[Event "BL 9293 Kirchheim-München 36"]
[Site "?"]
[Date "1993.??.??"]
[Round "?.4"]
[White "Beckhuis, G."]
[Black "Lau, R."]
[Result "1/2-1/2"]
[WhiteElo "2195"]
[BlackElo "2530"]
[PlyCount "43"]
[EventDate "1993.??.??"]

1. d4 Nf6 2. c4 e6 3. Nf3 b6 4. g3 Ba6 5. b3 Bb7 6. Bg2 Bb4+ 7. Bd2 c5 8. O-O
O-O 9. Bxb4 cxb4 10. a3 Na6 11. axb4 Nxb4 12. Nc3 Qe7 13. Ne5 Bxg2 14. Kxg2
Rfc8 15. Qd2 d6 16. Nd3 Nc6 17. Nf4 d5 18. cxd5 exd5 19. Qd3 Nb4 20. Qf3 Rd8
21. Rfc1 a5 22. Nd3 1/2-1/2

[Event "BL 9293 Kirchheim-München 36"]
[Site "?"]
[Date "1993.??.??"]
[Round "?.5"]
[White "Gruenberg, HU."]
[Black "Vonthron, H."]
[Result "1-0"]
[WhiteElo "2495"]
[BlackElo "2370"]
[PlyCount "97"]
[EventDate "1993.??.??"]

1. d4 g6 2. e4 Bg7 3. c4 d6 4. Nc3 Nf6 5. Be2 O-O 6. Nf3 Bg4 7. Be3 Nfd7 8. Ng1
Bxe2 9. Ngxe2 e6 10. O-O Nc6 11. Qd2 Ne7 12. Rad1 c6 13. Bg5 f6 14. Bf4 d5 15.
b3 e5 16. Bg3 dxc4 17. bxc4 Qc8 18. d5 c5 19. f4 Bh6 20. Qb2 b6 21. a4 a6 22.
h3 Qb8 23. d6 Nc6 24. Nd5 Ra7 25. Ne7+ Nxe7 26. dxe7 Re8 27. fxe5 fxe5 28. Nc3
Rxe7 29. Nd5 Re8 30. Rf3 Bg7 31. Bh4 Rb7 32. Qd2 h6 33. Be7 Nf8 34. Bxf8 Rxf8
35. Rdf1 Rxf3 36. Rxf3 b5 37. axb5 axb5 38. cxb5 Rxb5 39. Ne7+ Kh7 40. Rf7 Qe8
41. Qf2 Rb6 42. Nd5 Rb1+ 43. Kh2 Kh8 44. Rc7 Rb8 45. Qxc5 Qf8 46. Qc6 Kh7 47.
Qe6 Qd8 48. Qxe5 Qf8 49. Rxg7+ 1-0

[Event "BL 9293 Kirchheim-München 36"]
[Site "?"]
[Date "1993.??.??"]
[Round "?.6"]
[White "Schindler, W."]
[Black "Volke, K."]
[Result "1/2-1/2"]
[WhiteElo "2300"]
[BlackElo "2460"]
[PlyCount "49"]
[EventDate "1993.??.??"]

1. Nf3 Nf6 2. c4 g6 3. g3 Bg7 4. Bg2 O-O 5. O-O d6 6. Nc3 e5 7. d3 Nc6 8. Rb1
a5 9. a3 h6 10. b4 axb4 11. axb4 Be6 12. b5 Ne7 13. Bb2 Qc8 14. Re1 Bh3 15. Bh1
Nd7 16. Qc2 Nc5 17. Ra1 Qe6 18. Rxa8 Rxa8 19. Nd2 c6 20. Ra1 Rxa1+ 21. Bxa1
cxb5 22. cxb5 b6 23. Qa2 Qxa2 24. Nxa2 d5 25. Nb4 1/2-1/2

[Event "BL 9293 Sindelfingen-Bayern"]
[Site "?"]
[Date "1993.??.??"]
[Round "?.1"]
[White "Huebner, R."]
[Black "Luther, T."]
[Result "1/2-1/2"]
[WhiteElo "2620"]
[BlackElo "2465"]
[PlyCount "59"]
[EventDate "1993.??.??"]

1. d4 Nf6 2. Nf3 d5 3. c4 e6 4. g3 dxc4 5. Bg2 Nc6 6. Qa4 Bb4+ 7. Bd2 Nd5 8.
O-O Bxd2 9. Nbxd2 Nb6 10. Qa3 Nxd4 11. Nxd4 Qxd4 12. Rfd1 Qd6 13. Qc3 O-O 14.
Nxc4 Qc5 15. Rac1 Qxc4 16. Qxc4 Nxc4 17. Rxc4 c6 18. f4 e5 19. fxe5 Be6 20. Rb4
Rab8 21. Rd3 Rfc8 22. Ra3 b5 23. Rxa7 c5 24. Rf4 g5 25. Rf1 c4 26. Be4 b4 27.
Bf5 Bxf5 28. Rxf5 c3 29. Rfxf7 c2 30. Rg7+ 1/2-1/2

[Event "BL 9293 Sindelfingen-Bayern"]
[Site "?"]
[Date "1993.??.??"]
[Round "?.2"]
[White "Gabriel, C."]
[Black "Yusupov, A."]
[Result "1/2-1/2"]
[WhiteElo "2500"]
[BlackElo "2645"]
[PlyCount "43"]
[EventDate "1993.??.??"]

1. e4 e6 2. d4 d5 3. Nd2 c5 4. exd5 exd5 5. Ngf3 Nc6 6. Bb5 Bd6 7. dxc5 Bxc5 8.
O-O Nge7 9. Nb3 Bd6 10. Nbd4 O-O 11. Be3 Bg4 12. h3 Bh5 13. Qd2 Rc8 14. Rfe1
Qc7 15. c3 Rfe8 16. Be2 Qd7 17. Rad1 a6 18. Bf4 Nxd4 19. Nxd4 Bxe2 20. Rxe2 Bc5
21. Nf3 Ba7 22. Be3 1/2-1/2

[Event "BL 9293 Sindelfingen-Bayern"]
[Site "?"]
[Date "1993.??.??"]
[Round "?.3"]
[White "Hjartarson, J."]
[Black "Fahnenschmidt, G."]
[Result "1-0"]
[WhiteElo "2625"]
[BlackElo "2365"]
[PlyCount "77"]
[EventDate "1993.??.??"]

1. e4 c5 2. Nf3 d6 3. d4 cxd4 4. Nxd4 Nf6 5. Nc3 a6 6. f4 e6 7. Qf3 Qb6 8. a3
Be7 9. Bd3 Nc6 10. Nb3 Qc7 11. g4 h6 12. h4 h5 13. g5 Ng4 14. Be2 b5 15. Qg2 b4
16. axb4 Nxb4 17. Bxg4 hxg4 18. Rh2 Rb8 19. Qxg4 Nxc2+ 20. Rxc2 Rxb3 21. h5 Bb7
22. Qe2 Qd7 23. Be3 e5 24. O-O-O exf4 25. Bxf4 Qe6 26. h6 gxh6 27. gxh6 Rb4 28.
Rcd2 d5 29. exd5 Qxe2 30. Rxe2 Kd7 31. d6 Bf8 32. Re7+ Kd8 33. Be5 Bxh6+ 34.
Kb1 Rf8 35. Bf6 Rf4 36. Rxb7+ Rxf6 37. d7 Bf4 38. Nd5 Rd6 39. Rb8+ 1-0

[Event "BL 9293 Sindelfingen-Bayern"]
[Site "?"]
[Date "1993.??.??"]
[Round "?.4"]
[White "Mohr, S."]
[Black "Bischoff, K."]
[Result "1-0"]
[WhiteElo "2440"]
[BlackElo "2505"]
[PlyCount "113"]
[EventDate "1993.??.??"]

1. d4 c6 2. c4 g6 3. Nc3 Bg7 4. e4 d6 5. Be2 Nd7 6. Nf3 e5 7. O-O Ngf6 8. Qc2
O-O 9. d5 c5 10. Bg5 h6 11. Bd2 Nh7 12. g3 Ndf6 13. Rab1 Bh3 14. Rfd1 Nd7 15.
Nh4 h5 16. Bf1 Bxf1 17. Rxf1 Bf6 18. Ng2 h4 19. Qd1 hxg3 20. hxg3 Kg7 21. Qg4
Be7 22. Ne3 Ndf6 23. Qe2 Qd7 24. Kg2 Rh8 25. Rh1 Ng5 26. Nf5+ gxf5 27. Bxg5
fxe4 28. Bxf6+ Bxf6 29. Nxe4 Be7 30. g4 f5 31. gxf5 Qxf5 32. Rbg1 Rxh1 33.
Kxh1+ Kf7 34. Rg3 Rh8+ 35. Kg2 Rh4 36. Rf3 Rf4 37. Ng3 Qg6 38. Rxf4+ exf4 39.
Qf3 Qg5 40. Kf1 Bf6 41. Ne4 Qe5 42. Qh1 Kg7 43. Qg2+ Kf7 44. f3 b5 45. cxb5 Be7
46. Qd2 Qf5 47. Ke2 Ke8 48. a4 Qh5 49. a5 Qh2+ 50. Kd3 Qh1 51. Qe2 Kd8 52. b6
Qb1+ 53. Kc3 a6 54. Kb3 Qa1 55. b7 Kc7 56. Nxc5 Bf6 57. b8=Q+ 1-0

[Event "BL 9293 Sindelfingen-Bayern"]
[Site "?"]
[Date "1993.??.??"]
[Round "?.5"]
[White "Kindermann, S."]
[Black "Kraut, R."]
[Result "1-0"]
[WhiteElo "2495"]
[BlackElo "2425"]
[PlyCount "55"]
[EventDate "1993.??.??"]

1. e4 c5 2. Nf3 Nc6 3. d4 cxd4 4. Nxd4 Nf6 5. Nc3 d6 6. Be2 e5 7. Nf3 h6 8. O-O
Be7 9. Re1 Be6 10. Bf1 Bg4 11. h3 Bh5 12. g4 Bg6 13. Nh4 Bxe4 14. Nxe4 Nxe4 15.
Nf5 d5 16. Nxg7+ Kf8 17. Nf5 Bc5 18. Be3 Bxe3 19. Rxe3 h5 20. c4 Nf6 21. cxd5
Qxd5 22. Rd3 Qa5 23. Rd6 Rd8 24. Rc1 Nd4 25. Rxf6 Nxf5 26. Qf3 Nd6 27. Rd1 Qc7
28. Qd5 1-0

[Event "BL 9293 Sindelfingen-Bayern"]
[Site "?"]
[Date "1993.??.??"]
[Round "?.6"]
[White "Werner, Marc"]
[Black "Boensch, U."]
[Result "1/2-1/2"]
[WhiteElo "2350"]
[BlackElo "2490"]
[PlyCount "75"]
[EventDate "1993.??.??"]

1. e4 c5 2. Nf3 e6 3. d4 cxd4 4. Nxd4 a6 5. Bd3 Nf6 6. O-O d6 7. Qe2 g6 8. c4
Bg7 9. Nc3 O-O 10. f4 Qb6 11. Be3 Ng4 12. Qxg4 Bxd4 13. Bf2 Nc6 14. Rab1 Bd7
15. Qg3 Bxf2+ 16. Rxf2 f5 17. exf5 exf5 18. Rd1 Be6 19. Bf1 Rad8 20. Kh1 Rfe8
21. Rfd2 Bf7 22. b3 Qc5 23. Qh4 Kg7 24. Nd5 Bxd5 25. Rxd5 Qb4 26. Qg3 Ne7 27.
a3 Qb6 28. Qc3+ Kf7 29. R5d2 Qc7 30. Rd4 Ng8 31. g3 Nf6 32. Bg2 Ne4 33. Bxe4
Rxe4 34. Rxe4 fxe4 35. Qd4 Qc6 36. Kg1 b5 37. Qd5+ Qxd5 38. Rxd5 1/2-1/2

[Event "BL 9293 Sindelfingen-Bayern"]
[Site "?"]
[Date "1993.??.??"]
[Round "?.7"]
[White "Schlosser, P."]
[Black "Gerstner, W."]
[Result "1-0"]
[WhiteElo "2520"]
[BlackElo "2365"]
[PlyCount "59"]
[EventDate "1993.??.??"]

1. d4 d5 2. c4 e6 3. Nf3 Nf6 4. Nc3 Nbd7 5. cxd5 exd5 6. Bf4 c6 7. Qc2 Be7 8.
e3 Nh5 9. Bg3 O-O 10. Bd3 g6 11. Rb1 a6 12. O-O Nxg3 13. hxg3 Bd6 14. b4 Qe7
15. Qb3 Bxg3 16. e4 dxe4 17. Rfe1 Bc7 18. Bxe4 Qd6 19. d5 c5 20. Bd3 Nf6 21.
bxc5 Qxc5 22. Rbc1 Qd6 23. Qa4 Bg4 24. Ne5 b5 25. Qd4 Rfe8 26. Ne4 Nxe4 27.
Nxg4 h5 28. Rc6 Qf4 29. Rxe4 Rxe4 30. Nf6+ 1-0

[Event "BL 9293 Sindelfingen-Bayern"]
[Site "?"]
[Date "1993.??.??"]
[Round "?.8"]
[White "Bialas, W."]
[Black "Stangl, M."]
[Result "0-1"]
[WhiteElo "2320"]
[BlackElo "2505"]
[PlyCount "73"]
[EventDate "1993.??.??"]

1. e4 c5 2. Nf3 e6 3. d4 cxd4 4. Nxd4 a6 5. Bd3 Bc5 6. Nb3 Ba7 7. Nc3 Nc6 8.
Qe2 d6 9. Be3 Nf6 10. a4 O-O 11. O-O Bxe3 12. Qxe3 e5 13. Nd5 Be6 14. c4 Rc8
15. Rfc1 Nd7 16. a5 Re8 17. Bf1 h6 18. Rd1 Qg5 19. Qc3 Nc5 20. Nd2 f5 21. Nb6
Rcd8 22. exf5 Bxf5 23. Nf3 Qf6 24. Nd5 Qf7 25. Ne3 Bg6 26. b4 Ne4 27. Qb2 Bh5
28. Be2 Nd4 29. Rxd4 exd4 30. Qxd4 Kh8 31. Rd1 Rc8 32. Qb2 Re6 33. Rd5 Rf6 34.
Nf1 Bxf3 35. Bxf3 Rxc4 36. Ne3 Ng5 37. Bd1 0-1

[Event "BL 9293 HSK-Bochum"]
[Site "?"]
[Date "1993.??.??"]
[Round "?.1"]
[White "Glek, I."]
[Black "Wahls, M."]
[Result "1/2-1/2"]
[WhiteElo "2545"]
[BlackElo "2525"]
[PlyCount "102"]
[EventDate "1993.??.??"]

1. Nf3 Nf6 2. c4 e6 3. Nc3 c5 4. g3 b6 5. Bg2 Bb7 6. O-O d6 7. Re1 a6 8. e4 Qc7
9. d4 cxd4 10. Nxd4 Be7 11. Be3 Nbd7 12. Rc1 Rc8 13. f4 Qb8 14. Qe2 Qa8 15. Bf2
Bd8 16. f5 e5 17. Nc2 g6 18. fxg6 hxg6 19. Nb4 Kf8 20. h4 Kg7 21. Bh3 Rb8 22.
Nbd5 b5 23. Rf1 bxc4 24. Rcd1 Bxd5 25. Nxd5 Nxd5 26. Rxd5 Nf6 27. Rxd6 Be7 28.
Rdd1 Qxe4 29. Rfe1 Qxe2 30. Rxe2 Rb5 31. Rc1 Rhb8 32. Rxc4 Rxb2 33. Rxe5 Bd6
34. Re1 Rxa2 35. Rc6 Bb4 36. Rf1 Ne4 37. Bd4+ Kg8 38. Rxg6+ fxg6 39. Be6+ Kh7
40. Rf7+ Kh6 41. Be3+ g5 42. Bf5 Rh8 43. Bxe4 Kh5 44. Rg7 Ra1+ 45. Kh2 Ra2+ 46.
Bg2 Kh6 47. Rxg5 Re2 48. Re5+ Kg6 49. Kh3 Rd8 50. Bf1 Re1 51. Bxa6 Bd2 1/2-1/2

[Event "BL 9293 HSK-Bochum"]
[Site "?"]
[Date "1993.??.??"]
[Round "?.2"]
[White "Dokhoian, Y."]
[Black "Ftacnik, L."]
[Result "1/2-1/2"]
[WhiteElo "2510"]
[BlackElo "2535"]
[PlyCount "179"]
[EventDate "1993.??.??"]

1. c4 e6 2. Nf3 d5 3. d4 Nf6 4. g3 dxc4 5. Bg2 a6 6. Ne5 c5 7. Be3 Nd5 8. dxc5
Nd7 9. Nxd7 Nxe3 10. fxe3 Bxd7 11. Qd4 Qa5+ 12. Nc3 Qxc5 13. Bxb7 Qxd4 14. exd4
Rb8 15. Bxa6 Rxb2 16. Kf2 Rb6 17. Bb5 Rxb5 18. Nxb5 Bxb5 19. Rab1 Bc6 20. Rhc1
Kd7 21. Rxc4 Bd6 22. Rb6 Bd5 23. Ra4 Bc7 24. Rb1 Bb8 25. Rc1 g5 26. Ra5 h5 27.
Rcc5 f5 28. Rxd5+ exd5 29. Rxd5+ Ke6 30. e4 Rf8 31. Rb5 g4 32. Rb6+ Ke7 33. e5
Rd8 34. Rb7+ Ke6 35. Ke3 h4 36. Rb6+ Kd5 37. Rf6 Ba7 38. Kf4 Bxd4 39. Kxf5 Bxe5
40. Rg6 hxg3 41. hxg3 Bxg3 42. Kxg4 Bd6 43. a4 Ra8 44. a5 Rxa5 45. Rg8 Ra3 46.
Rg6 Be5 47. Kf5 Rf3+ 48. Kg4 Ke4 49. Rg5 Bf4 50. Rg6 Rg3+ 51. Kh5 Rh3+ 52. Kg4
Rh7 53. Re6+ Be5 54. Rg6 Rh8 55. Rg5 Bf6 56. Rg6 Ke5 57. Kf3 Kf5 58. Rg2 Be5
59. Rc2 Rh3+ 60. Ke2 Ke4 61. Rc4+ Bd4 62. Rc2 Ra3 63. Rd2 Rh3 64. Rc2 Bc3 65.
Kf1 Kd3 66. Kg2 Rh7 67. Rf2 Be5 68. Kf3 Rf7+ 69. Kg2 Rg7+ 70. Kh3 Ke4 71. Rg2
Rf7 72. Kg4 Bf4 73. Re2+ Be3 74. Rg2 Bf2 75. Kh5 Kf3 76. Kg6 Rf8 77. Rg5 Kf4
78. Rd5 Ke4 79. Kg7 Rf4 80. Rg5 Bd4+ 81. Kg6 Rf6+ 82. Kh5 Kf3 83. Rg6 Rf7 84.
Rg8 Rf6 85. Kg5 Rf7 86. Re8 Be3+ 87. Kg6 Rd7 88. Kf5 Bf4 89. Ke6 Rd6+ 90. Kf5
1/2-1/2

[Event "BL 9293 HSK-Bochum"]
[Site "?"]
[Date "1993.??.??"]
[Round "?.3"]
[White "Schulz, KJ."]
[Black "Brunner, L."]
[Result "1-0"]
[WhiteElo "2415"]
[BlackElo "2455"]
[PlyCount "107"]
[EventDate "1993.??.??"]

1. d4 Nf6 2. c3 d6 3. Bg5 Nbd7 4. Nd2 e5 5. e4 Be7 6. Ngf3 O-O 7. Be2 h6 8.
Bxf6 Bxf6 9. d5 Be7 10. Nc4 Nc5 11. Nfd2 f5 12. O-O Bg5 13. exf5 Bxf5 14. Nb3
b6 15. Nxc5 bxc5 16. Bg4 Bg6 17. Qe2 Kh8 18. g3 Qb8 19. Rad1 Bh7 20. Bf3 Qc8
21. Be4 Bg8 22. Kg2 Qd7 23. h4 Be7 24. Ne3 Rf7 25. Qg4 Qxg4 26. Nxg4 Rff8 27.
b4 cxb4 28. cxb4 Rfb8 29. Rb1 Rb5 30. Ne3 a5 31. bxa5 Rbxa5 32. Rfc1 Bd8 33.
Rc2 Bf7 34. Rcb2 g6 35. Rb8 Rxa2 36. R1b2 Kg7 37. Rxd8 Rxd8 38. Rxa2 c5 39. Ra6
Kf6 40. Nc4 Ke7 41. Ra7+ Rd7 42. Ra6 Rd8 43. Rc6 Be8 44. Rc7+ Rd7 45. Rxd7+
Kxd7 46. Kf3 Ke7 47. Ke3 g5 48. hxg5 hxg5 49. Nd2 Bf7 50. Bf3 Bg8 51. Kd3 g4
52. Be4 Bf7 53. Nf1 Be8 54. Ne3 1-0